000 01100nam0a2200313 4500
001 RU\NLR\bibl\1472656
005 20250616002531.0
010 _a978-5-389-00727-7
_915000
021 _aRU
_b2009-103341
_96578
035 _a(NLR Aleph) 001464340
090 _a1603415
_c1603415
100 _a20100212d2010 |||y0rusy50 ca
101 1 _arus
_ceng
102 _aRU
105 _aa |||||||||
200 1 _aНовая детская энциклопедия
_e[для чтения взрослыми детям
_fпер. с англ.: Татьяна Покидаева]
210 _aМосква
_cМахаон
_d2010 [т.е. 2009]
215 _a319 с.
_cцв. ил.
_d22
300 _aКн. фактически издана в 2009 г.
320 _aУказ.: с. 314-319
608 _aЭнциклопедии для детей
_92363029
_3RU\NLR\auth\661410942
686 _aШ9
_bЯ20
702 1 _aПокидаева
_bТ.
_gТатьяна
_4730
801 0 _aRU
_bNLR
_c20100212
_gRCR
801 1 _aRU
_bNLR
_c20100212
942 _cBOOK
980 _aNB